| 000 | 00579nam a2200193Ia 4500 | ||
|---|---|---|---|
| 003 | OSt | ||
| 005 | 20251230123156.0 | ||
| 008 | 210210b1957 xxu||||| |||| 00| 0 eng d | ||
| 040 | _cAL | ||
| 041 | _aKannada | ||
| 082 | _a859/2161 | ||
| 100 |
_aSITARAMA SHASTRI _9158334 _dಸೀತಾರಾಮ ಶಾಸ್ತ್ರಿ |
||
| 245 |
_aBrahmanara fituri: _bಬ್ರಾಹ್ಮಣರ ಪಿತೂರಿ |
||
| 260 |
_aBengaluru _b- _c1957 |
||
| 690 |
_aKannada Fiction _9158337 |
||
| 700 |
_aVIRAKESARI _9158338 _dವೀರಕೇಸರಿ. |
||
| 906 | _a022874 | ||
| 942 |
_2ddc _cBK |
||
| 999 |
_c147572 _d147572 |
||